| 000 | 02767cam a2200517 i 4500 | ||
|---|---|---|---|
| 999 |
_c4819 _d4819 |
||
| 001 | ocn851535659 | ||
| 003 | OCoLC | ||
| 005 | 20180614165241.0 | ||
| 008 | 131022s2013 enk b 001 0 eng | ||
| 010 | _a 2013363916 | ||
| 015 |
_aGBB2A7559 _2bnb |
||
| 016 | 7 |
_a016195868 _2Uk |
|
| 020 | _a9781780680873 | ||
| 020 | _a1780680872 | ||
| 035 |
_a(OCoLC)851535659 _z(OCoLC)854311933 _z(OCoLC)877396498 |
||
| 040 |
_aDLC _beng _erda _cDLC _dFIE _dYDXCP |
||
| 049 | _aTZAA | ||
| 050 | 0 | 0 |
_aKQC572 _b.S58 2013 |
| 082 | 0 | 4 | _a341.48096 |
| 100 | 0 |
_aSisay Alemahu, _eauthor. _916626 |
|
| 245 | 1 | 4 |
_aJusticiability of economic, social and cultural rights in the African regional human rights system : _btheory, practice and prospect / _cSisay Alemahu Yeshanew. |
| 260 |
_aCambridge, United Kingdom : $b _bIntersentia, _c2013 |
||
| 300 |
_axx, 392 pages ; _c24 cm |
||
| 500 | _aBased on the author's thesis (doctoral)--Åbo akademi, 2011. | ||
| 504 | _aIncludes bibliographical references (pages 355-385) and index. | ||
| 505 | 0 | _aJusticiability of Economic, Social and Cultural Rights : Concepts, Objections and Challenges -- The African Regional Human Rights System and Economic, Social and Cultural Rights : Genesis, Development and National Context -- Judicial and Quasi-Judicial Organs for the Justiciability of Economic, Social and Cultural Rights in the African Regional Human Rights System: Mandate, Procedures and Remedies -- The Substantive Bases for the Justiciability of Economic, Social and Cultural Rights in the African Human Rights System : The Normative Content of the Rights and the Related Obligations of States -- Approaches to the Justiciability of Economic, Social and Cultural Rights : Models of Adjudication and Proposals for the African Human Rights System. | |
| 610 | 2 | 0 | _aAfrican Commission on Human and Peoples' Rights. |
| 610 | 2 | 0 | _aAfrican Court on Human and Peoples' Rights. |
| 610 | 2 | 7 |
_aAfrican Commission on Human and Peoples' Rights. _2fast |
| 610 | 2 | 7 |
_aAfrican Court on Human and Peoples' Rights. _2fast |
| 630 | 0 | 0 |
_aAfrican Charter on Human and People's Rights _d(1981) |
| 630 | 0 | 7 |
_aAfrican Charter on Human and People's Rights (1981) _2fast |
| 650 | 0 |
_aHuman rights _zAfrica. |
|
| 650 | 0 |
_aPolitical questions and judicial power _zAfrica. |
|
| 650 | 0 |
_aSocial rights _zAfrica. |
|
| 650 | 0 |
_aHuman security _zAfrica. _95464 |
|
| 650 | 0 | _aCulture and law. | |
| 650 | 7 |
_aCulture and law. _2fast |
|
| 650 | 7 |
_aHuman rights. _2fast |
|
| 650 | 7 |
_aHuman security. _2fast |
|
| 650 | 7 |
_aPolitical questions and judicial power. _2fast |
|
| 650 | 7 |
_aSocial rights. _2fast |
|
| 651 | 7 |
_aAfrica. _2fast |
|
| 856 | 4 | 1 |
_3Table of contents only _uhttp://catdir.loc.gov/catdir/toc/fy14pdf03/2013363916.html |
| 942 |
_2lcc _cBOOK |
||